000 00395nam a2200169Ia 4500
008 170705s9999 xx 000 0 und d
020 _a9780545085359
245 4 _aThe voyage of the frog /
245 _cGary Paulsen.
260 _aNew York :
260 _bScholastic,
260 _c1989
300 _a141 pages :
300 _bcolor illustration ;
300 _c19cm.
500 _a1080
999 _c336686
_d336686